Ask me anything: (Record no. 6961)

MARC details
000 -LEADER
fixed length control field 00516nam a22001817a 4500
003 - CONTROL NUMBER IDENTIFIER
control field GBCCL
005 - DATE AND TIME OF LATEST TRANSACTION
control field 20241126110616.0
008 - FIXED-LENGTH DATA ELEMENTS--GENERAL INFORMATION
fixed length control field 180704b ||||| |||| 00| 0 eng d
020 ## - INTERNATIONAL STANDARD BOOK NUMBER
International Standard Book Number 9780143414575
040 ## - CATALOGING SOURCE
Transcribing agency gbc
082 ## - DEWEY DECIMAL CLASSIFICATION NUMBER
Classification number 030
Item number ASK
100 ## - MAIN ENTRY--PERSONAL NAME
Relationship Contributors
Personal name Bryan, Kim, et. al...
9 (RLIN) 12384
245 ## - TITLE STATEMENT
Title Ask me anything:
Remainder of title Every fact you ever wanted to know
260 ## - PUBLICATION, DISTRIBUTION, ETC.
Place of publication, distribution, etc. London:
Name of publisher, distributor, etc. DK,
Date of publication, distribution, etc. 2009
300 ## - PHYSICAL DESCRIPTION
Extent 303 p.;
Other physical details col. ill.,
Dimensions 28 cm.
650 ## - SUBJECT ADDED ENTRY--TOPICAL TERM
Topical term or geographic name entry element Children's questions and answers
9 (RLIN) 12385
942 ## - ADDED ENTRY ELEMENTS (KOHA)
Source of classification or shelving scheme Dewey Decimal Classification
Koha item type Reference Books
Holdings
Withdrawn status Lost status Source of classification or shelving scheme Damaged status Not for loan Home library Current Library Shelving location Date acquired Total checkouts Full call number Barcode Date last seen Copy number Price effective from Koha item type
    Dewey Decimal Classification     GRACE BIBLE COLLEGE GRACE BIBLE COLLEGE Encyclopedia 2018-07-04   030 ASK 010392 2025-05-01 c.1 2018-07-04 Reference Books
© Grace Bible College Library 2025